00398nam a2200169Ia 4500003000400000005001700004008004000021040000700061041001200068082001900080100002100099245003900120260003100159300000700190650001000197700002100207OSt20240807163544.0210210b1993 xxu||||| |||| 00| 0 eng d cAL aEnglish a809.88914 SAHK aSAHITYA AKADEMI. aKabir: Makers of Indian Literature aN DbSahitya Akademic1993 a56 aKabir aPrabhakar Machwe